Online katalóg knižníc regiónu Turca

Konečne sa rozhodni (Record no. 22021)

MARC details
000 -LEADER
fixed length control field 01295cam a2200385 a 4500
001 - CONTROL NUMBER
control field 22021
003 - CONTROL NUMBER IDENTIFIER
control field VRT
005 - DATE AND TIME OF LATEST TRANSACTION
control field 20260317161044.0
008 - FIXED-LENGTH DATA ELEMENTS--GENERAL INFORMATION
fixed length control field 240318s2011 xo g 000 f slo
015 ## - NATIONAL BIBLIOGRAPHY NUMBER
National bibliography number SNBA2012/09-04857
020 ## - INTERNATIONAL STANDARD BOOK NUMBER
International Standard Book Number 9788022016148
Qualifying information (viaz.)
035 ## - SYSTEM CONTROL NUMBER
System control number 3A5D1848-5C54-4E44-9E9C-3CFD6CDF2C6D
035 ## - SYSTEM CONTROL NUMBER
System control number urn:nbn:sk:snk-amjj7s
035 ## - SYSTEM CONTROL NUMBER
System control number urn:nbn:sk:snk-am000xr1
039 #9 - LEVEL OF BIBLIOGRAPHIC CONTROL AND CODING DETAIL [OBSOLETE]
Level of rules in bibliographic description 202403181615
Level of effort used to assign nonsubject heading access points VLOAD
Level of effort used to assign subject headings 201602050927
Level of effort used to assign classification mbpksh04
Level of effort used to assign subject headings 201508271412
Level of effort used to assign classification VLOAD
Level of effort used to assign subject headings 201508271040
Level of effort used to assign classification VLOAD
040 ## - CATALOGING SOURCE
Original cataloging agency PPPK
Language of cataloging slo
Transcribing agency PPPK
Modifying agency SNK
Description conventions AACR2
041 0# - LANGUAGE CODE
Language code of text/sound track or separate title slo
044 ## - COUNTRY OF PUBLISHING/PRODUCING ENTITY CODE
MARC country code xo
ISO country code SK
072 #7 - SUBJECT CATEGORY CODE
Subject category code 821.162.4-3
Subject category code subdivision Slovenská próza
Source konspekt
080 ## - UNIVERSAL DECIMAL CLASSIFICATION NUMBER
Universal Decimal Classification number 821.162.4-31
Edition identifier 2001
100 1# - MAIN ENTRY--PERSONAL NAME
Personal name Gillerová, Katarína,
Dates associated with a name 1958-
Relationship aut
245 10 - TITLE STATEMENT
Title Konečne sa rozhodni
Statement of responsibility, etc. Katarína Gillerová
250 ## - EDITION STATEMENT
Edition statement [1. vyd.]
260 ## - PUBLICATION, DISTRIBUTION, ETC.
Place of publication, distribution, etc. Bratislava
Name of publisher, distributor, etc. Slovenský spisovateľ
Date of publication, distribution, etc. 2011
300 ## - PHYSICAL DESCRIPTION
Extent 271 s.
Dimensions 21 cm
655 #7 - INDEX TERM--GENRE/FORM
Genre/form data or focus term slovenské romány
Source of term SNKPH
655 #7 - INDEX TERM--GENRE/FORM
Genre/form data or focus term Slovak fiction
Source of term SNKPHeng
910 ## - USER-OPTION DATA (OCLC)
User-option data bpksh
942 ## - ADDED ENTRY ELEMENTS (KOHA)
Source of classification or shelving scheme Dewey Decimal Classification
Koha item type Krásna literatúra pre dospelých
Suppress in OPAC No
949 ## - LOCAL PROCESSING INFORMATION (OCLC)
6 270001000379968
a svkbbA 133202
b svkbbm 723000
949 ## - LOCAL PROCESSING INFORMATION (OCLC)
6 17A0834308
a snkSC 147589
b snk2011/24741
o 2796/11
949 ## - LOCAL PROCESSING INFORMATION (OCLC)
6 17A0834307
a snkSC 147589 D1
b snk2011/24742
o 2796/11
949 ## - LOCAL PROCESSING INFORMATION (OCLC)
6 3869A12835
a bpksh821.162.4-31
b bpksh67043
980 ## - EQUIVALENCE OR CROSS-REFERENCE-SERIES STATEMENT--PERSONAL NAME/TITLE [LOCAL, CANADA]
Personal name 821.162.4-31
Holdings
Stav vyradenia Strata Poškodenie Spôsob nadobudnutia Domovská knižnica Aktuálna knižnica Dátum nadobudnutia Cena Total checkouts Čiarový kód exemplára Date last seen Typ exemplára
      Dar Obecná knižnica Horná Štubňa Obecná knižnica Horná Štubňa 17.03.2026 6.00   9788022016148 17.03.2026 Krásna literatúra pre dospelých
      Dar Obecná knižnica Turčianska Štiavnička Obecná knižnica Turčianska Štiavnička 28.04.2026     4738001002 28.04.2026 Krásna literatúra pre dospelých
Projekt je podporený Slovenskou asociáciou knižníc
Prevádzkuje Turčianska knižnica Martin 2026